ბათუმის შოთა რუსთაველის სახელმწიფო უნივერსიტეტის ბიბლიოთეკა

История России IX-начала XVIII вв. (ბიბ.ჩანაწერი № 35674)

000 -LEADER
fixed length control field 00613nam a2200217Ia 4500
001 - CONTROL NUMBER
control field 1547
003 - CONTROL NUMBER IDENTIFIER
control field GE_BSU
008 - FIXED-LENGTH DATA ELEMENTS--GENERAL INFORMATION
fixed length control field 181216s||||||||xx |||||||||||||| ||und||
020 ## - INTERNATIONAL STANDARD BOOK NUMBER
International Standard Book Number 5222038092
040 ## - CATALOGING SOURCE
Transcribing agency GE_BSU
080 ## - UNIVERSAL DECIMAL CLASSIFICATION NUMBER
Universal Decimal Classification number 94(470)(075.8)
100 ## - MAIN ENTRY--PERSONAL NAME
Personal name Моряков,А.А.
245 ## - TITLE STATEMENT
Title История России IX-начала XVIII вв.
245 ## - TITLE STATEMENT
Remainder of title Филологическое общество "Слово
260 ## - PUBLICATION, DISTRIBUTION, ETC.
Place of publication, distribution, etc. Ростов на Дону
260 ## - PUBLICATION, DISTRIBUTION, ETC.
Date of publication, distribution, etc. 2004
300 ## - PHYSICAL DESCRIPTION
Extent 448стр.
653 ## - INDEX TERM--UNCONTROLLED
Uncontrolled term История России IX-начала XVIII вв.
942 ## - ADDED ENTRY ELEMENTS (KOHA)
Koha item type წიგნი
ეგზემპლარები
Withdrawn status Lost status Damaged status Not for loan Date acquired Barcode Date last seen Price effective from Koha item type
        2018-12-17 1583 2018-12-17 2018-12-17 წიგნი